00553naa#a2200169#i#4500001001600000005001700016011001400033100004100047102000700088200011200095210005200207215001100259608002700270675004200297700002300339856002100362EN\\bibl\12188220260516015847.6##a1998-6785##a20230321b2023####ek#y0engy0150####ca##aRU1#aYouth "policy" of the Bureau for Russian Emigrants in the Manchurian Empire (1935– 1945)eJournal article1#aVladivostokcVladivostok State Universityd2023##a11 с.##aJournal article2local##aОфицеры в целом. 355.332#1aSmirnovgSergei V.4#avvgu.editorum.ru